Sanat - "Söpö" - Henri Salonen - Statistics

Yleistilastot
  • Tätä visaa on pelattu 70 kertaa
  • Keskiarvotulos 121 / 215
Vastaustilastot
Vastaus % Oikein
aikaa
100%
ei
100%
mul
100%
mut
100%
oo
100%
oot
100%
ostaa
100%
100%
100%
söpö
100%
kaa
98%
karkkia
98%
leffaan
98%
mennä
98%
sun
98%
tai
98%
ees
96%
ja
96%
92%
et
90%
ilman
90%
paha
90%
paitaa
90%
naimisiin
88%
tanssit
88%
toivon
88%
vaan
88%
pääset
84%
en
65%
ku
65%
on
59%
joka
49%
kun
49%
asia
45%
kuulostaa
45%
muistuttaa
45%
nastalta
45%
pysty
45%
sama
45%
sori
45%
alkaa
43%
nää
43%
päällä
43%
Tilanne
43%
toisia
43%
Joensuu
41%
Seinäjoki
41%
biitti
39%
hypätä
39%
junasta
39%
nyt
37%
hankil
35%
jos
35%
kuumana
35%
satasta
35%
vastata
35%
mennää
33%
pitää
33%
akku
31%
kato
31%
kohta
31%
kokata
31%
loppuu
31%
meen
31%
missä
31%
mun
31%
somesta
31%
takahuoneet
31%
haluut
29%
tietää
29%
ehi
24%
hella
24%
Juha
22%
meni
22%
niin
22%
sul
22%
tuli
22%
joulu
20%
juhannus
20%
olla
20%
tässä
20%
kertaa
18%
kuussa
18%
neljättä
18%
voin
18%
haluis
16%
hoppu
16%
maistuu
16%
paska
16%
pika
16%
suussa
16%
vaihtu
16%
viikonloppu
16%
Brunssi
14%
haluisin
14%
himmee
14%
kaksi
14%
kaveri
14%
kyl
14%
lähtee
14%
minkä
14%
pitäis
14%
sille
14%
feidaa
12%
kauheesti
12%
musa
12%
näät
12%
sotimaa
12%
ymmärrän
12%
Tapio
10%
enemmän
10%
kalenterin
10%
ois
10%
puuta
10%
usa
10%
vanhaa
10%
boo
8%
brunssiks
8%
fiilis
8%
palaverit
8%
pussailla
8%
muuta
6%
vaikket
4%
käyttää
2%
omppu
2%
Ehtoja vastaavia visoja ei löytynyt
Tulosjakauma
Jokaisen tuloksen saaneiden osuus
Persentiili vastausten määrän mukaan
Tuloshistoriasi
Et ole pelannut tätä visaa